[Event "NZL-ch Major op"]
[Site "Auckland"]
[Date "2019.01.17"]
[Round "4"]
[White "Liu, Ethan Yichen"]
[Black "Garland, Mana"]
[Result "1/2-1/2"]
[WhiteElo "1081"]
[BlackElo "1384"]
[PlyCount "68"]
[EventDate "2019.01.14"]
[EventType "swiss"]
[EventRounds "9"]
[EventCountry "NZL"]
[SourceTitle "CBM 189 Extra"]
[Source "ChessBase"]
[SourceDate "2019.05.31"]
[SourceVersion "1"]
[SourceVersionDate "2019.05.31"]
[SourceQuality "1"]

1. d4 Nf6 2. Bf4 d5 3. Nf3 Bf5 4. e3 e6 5. Be2 Bd6 6. Bg3 Nc6 7. Nbd2 0-0 8. c3 Re8 9. 0-0 Bxg3 10. hxg3 a6 11. Qb3 Rb8 12. c4 Ne4 13. cxd5 exd5 14. Rfd1 Nxd2 15. Nxd2 Nxd4 16. exd4 Rxe2 17. Qf3 Rxd2 18. Rxd2 Be6 19. Rc1 Qd7 20. Qc3 c6 21. f4 Bf5 22. Re1 Be4 23. b4 h6 24. Rb2 Kh7 25. a4 b5 26. axb5 axb5 27. Rc1 Qa7 28. Rd2 Rc8 29. g4 Qc7 30. Rf1 f6 31. Qh3 Qe7 32. g5 Ra8 33. gxh6 gxh6 34. g4 Qxb4 1/2-1/2

[Event "NZL-ch Major op"]
[Site "Auckland"]
[Date "2019.01.14"]
[Round "1"]
[White "McDougall, Euan"]
[Black "Liu, Ethan Yichen"]
[Result "1-0"]
[WhiteElo "1596"]
[BlackElo "1081"]
[PlyCount "61"]
[EventDate "2019.01.14"]
[EventType "swiss"]
[EventRounds "9"]
[EventCountry "NZL"]
[SourceTitle "CBM 189 Extra"]
[Source "ChessBase"]
[SourceDate "2019.05.31"]
[SourceVersion "1"]
[SourceVersionDate "2019.05.31"]
[SourceQuality "1"]

1. e4 d6 2. Bc4 Nd7 3. Nf3 c6 4. c3 Qc7 5. d4 e5 6. 0-0 Be7 7. Ng5 Bxg5 8. Bxg5 Ngf6 9. Nd2 0-0 10. dxe5 dxe5 11. Kh1 b5 12. Bb3 a6 13. Qe2 Bb7 14. Rac1 Ne8 15. Be7 Nd6 16. Bxf8 Rxf8 17. c4 Rc8 18. cxb5 axb5 19. f4 Qb6 20. Qh5 Nf6 21. Qe2 Re8 22. f5 Qd4 23. Rfd1 Ndxe4 24. Nxe4 Qxe4 25. Qxe4 Nxe4 26. Rd7 Rf8 27. Rxb7 Nf2+ 28. Kg1 Nd3 29. Rxc6 Nxb2 30. Rxf7 Rxf7 31. Rc8# 1-0